| 000 | 00930nas a2200313 4500 | ||
|---|---|---|---|
| 001 | BR0304261 | ||
| 003 | BR-BrBNA | ||
| 005 | 20231205104018.0 | ||
| 007 | ta | ||
| 008 | 230509b bl.|||p| |||| 00| 00por d | ||
| 040 |
_aBR-BrBNA _bpor _cBiblioteca Nacional de Agricultura |
||
| 041 | _a(Pt) | ||
| 072 | _aF01; J11 | ||
| 100 | 1 | _aConeglian, R.C.C. | |
| 100 | 1 | _aKuramae, E.E. | |
| 100 | 1 | _aNali, L.R. | |
| 100 | 1 | _aRodrigues, J.D. | |
| 100 | 1 | _aOno, E.O. | |
| 245 | 1 | _aAvaliação de parâmetros físicos de frutos de manga (Mangifera indica L.)submetidos a aplicações de ethephon em pré-colheita | |
| 650 | _aMANGA | ||
| 650 | _aFRUTO | ||
| 650 | _aETEFON | ||
| 650 | _aCOLHEITA | ||
| 650 | _aREGULADOR DE CRESCIMENTO | ||
| 650 | _aCOR | ||
| 773 | 0 |
_tAgronomia (Brazil) _xISSN 0365-2718 _g(Jan-Dec 2000), v. 34(1-2) p. 31-37 _wBR0304261 |
|
| 909 |
_a202311 _bLúcia _c55 _dLúcia Elande |
||
| 942 |
_2AGRIS _n0 _cANA |
||
| 999 |
_c175951 _d175951 |
||